000 01356nam a2200325 i 4500
001 184525
003 ES-MaACL
005 20230906222222.0
008 151007s2012 sp afo c |||| |dspa d
020 _a978-84-934916-2-8
080 _a929 García Lorca, Federico (060.64)
080 _a769(100)(060.64)
245 0 0 _aGeografía postal
_b: las postales de las familias García Lorca y De los Ríos /
_cselección de Martin Parr ; texto de Enrique Vila-Matas ; [comisarios, Martin Parr, Cecilia Gandarias].
260 _aMadrid :
_bInstituto Cervantes :
_bThis Side Up,
_c[2012]
300 _a163 p. :
_bprincipalmente il. col. y n. ;
_c24 cm.
500 _aCronología: p. 121-[152]
500 _aÍndice.
585 _aExposición itinerante.
600 3 7 _aGarcía Lorca (Familia)-
_xColecciones de tarjetas postales-
_vExposiciones.
_9157854
600 3 7 _aRíos (Familia)-
_xColecciones de tarjetas postales-
_vExposiciones.
_9157855
600 1 4 _aGarcía Lorca, Federico,
_d1898-1936-
_vCorrespondencia
_954856
650 4 _aTarjetas postales.
_9147237
655 7 _2tgfbne
_9193628
_aCatálogos de exposiciones
700 1 _aParr, Martin (
_d1952-)
_9157856
700 1 _aVila-Matas, Enrique.
_9114728
700 1 _aGandarias Tena, Cecilia.
_9157857
852 _aES-MaACL
_jN-6577
942 _2udc
999 _c184525
_d184525